000 00425nam a2200181Ia 4500
001 14015
005 20260306164843.0
008 260306t2004||||xx |||||||||||||| ||spa||
041 _aESP
082 _a005.8
_bR36
100 _aReid, Paul
_eAUT
245 0 _aBiometrics for network security
260 _c2004
300 _axiii, 252 páginas :
_c23 cm.
650 _aGEN
654 _aCCC
942 _cLIB
_dJUS
_fJUS
_2ddc
_n
999 _c14015
_d14015